000 00704nam a2200289Ia 4500
005 20260324111527.0
008 008 260324s9999 xx 000 0 eng d
020 _a9781032722481
037 _aEBOOK
040 _aCRL
040 _beng
040 _cCRL
041 _2eng
041 _aeng
084 _qCRL
100 _aPaul Emmons; Marcia Feuerstein; Negar Goljan
_91138932
245 0 _aFinishing in Architecture
245 0 _bPolishing, Completing, Ending
260 _bTaylor and Francis
260 _c2025
365 _a
365 _b230
856 _uhttp://www.taylorfrancis.com/books/9781032722481
942 _cEBOOK
999 _c1727793
_d1727793